Höchste Berge der Welt - Statistiken

Allgemein
  • Dieses Quiz wurde 1.000 mal gespielt
  • Das Durchschnittsergebnis liegt bei 6 aus 14
Antwortstatistiken
Höhe Gebirge Land/Länder Berg % Korrekt
8.848m Himalaya China, Nepal Mount Everest
100%
8.611m Karakorum China, Pakistan K2
95%
8.091m Himalaya Nepal Annapurna I
50%
8.125m Himalaya Pakistan Nanga Parbat
49%
8.516m Himalaya China, Nepal Lhotse
45%
8.034m Karakorum China, Pakistan Gasherbrum II
39%
8.080m Karakorum China, Pakistan Gasherbrum I - Hidden Peak
38%
8.051m Karakorum China, Pakistan Broad Peak
36%
8.163m Himalaya Nepal Manaslu
33%
8.188m Himalaya China, Nepal Cho Oyu
32%
8.485m Himalaya China, Nepal Makalu
31%
8.167m Himalaya Nepal Dhaulagiri
26%
8.586m Himalaya Indien, Nepal Kangchendzönga
24%
8.027m Himalaya China Shishapangma
23%
Keine übereinstimmenden Quizze gefunden
Verteilung der Resultate
Anzahl Personen mit jedem Resultat
Perzentil nach korrekt beantworteten Fragen
Ihre Resultats-Entwicklung
Sie haben dieses Quiz noch nicht gespielt